Happiness in Kant's practical philosophy: (Record no. 1435884)

MARC details
000 -LEADER
fixed length control field 00911 a2200253 4500
005 - DATE AND TIME OF LATEST TRANSACTION
control field 20251015104348.0
008 - FIXED-LENGTH DATA ELEMENTS--GENERAL INFORMATION
fixed length control field 251015b |||||||| |||| 00| 0 eng d
020 ## - INTERNATIONAL STANDARD BOOK NUMBER
International Standard Book Number 9781793633569 (pbk)
037 ## - SOURCE OF ACQUISITION
Terms of availability TB
040 ## - CATALOGING SOURCE
Original cataloging agency CRL
Transcribing agency CRL
041 ## - LANGUAGE CODE
Source of code eng
Language code of text/sound track or separate title eng
084 ## - COLON CLASSIFICATION NUMBER
Classification number R4xL24 R2
Assigning agency CRL
100 ## - MAIN ENTRY--PERSONAL NAME
Personal name Walla, Alice Pinheiro
9 (RLIN) 822107
245 ## - TITLE STATEMENT
Title Happiness in Kant's practical philosophy:
Remainder of title Morality, indirect duties, and welfare rights
260 ## - PUBLICATION, DISTRIBUTION, ETC.
Place of publication, distribution, etc. Lanham, Maryland:
Name of publisher, distributor, etc. Lexington Books,
Date of publication, distribution, etc. 2022.
300 ## - PHYSICAL DESCRIPTION
Extent xiii, 188p.
365 ## - TRADE PRICE
Price amount 30.00
Currency code UKP
490 ## - SERIES STATEMENT
Series statement Contemporary studies in idealism. Editor Paolo Diego Bubbio
650 ## - SUBJECT ADDED ENTRY--TOPICAL TERM
Topical term or geographic name entry element Philosophy
9 (RLIN) 848321
650 ## - SUBJECT ADDED ENTRY--TOPICAL TERM
Topical term or geographic name entry element Kant, Immanues
9 (RLIN) 848322
650 ## - SUBJECT ADDED ENTRY--TOPICAL TERM
Topical term or geographic name entry element Philosophers
9 (RLIN) 848323
942 ## - ADDED ENTRY ELEMENTS (KOHA)
Koha item type Textbook
Source of classification or shelving scheme Colon Classification (CC)
Suppress in OPAC No
Classification part R4xL24 R2
Holdings
Withdrawn status Lost status Source of classification or shelving scheme Damaged status Not for loan Home library Current library Date acquired Source of acquisition Cost, normal purchase price Inventory number Total Checkouts Full call number Barcode Date last seen Cost, replacement price Price effective from Koha item type
    Colon Classification (CC)     Central Library Central Library 2025-10-13 32/ Govinda Book House 2509.08 6924 & 2025-10-01   R4xL24 R2 CL1923911 2025-10-13 3584.40 2025-10-13 Textbook
Copyright @ Delhi University Library System